[Event "Australian-ch 2020"]
[Site "Kogarah"]
[Date "2020.01.11"]
[Round "9.1"]
[White "Solomon, Stephen J"]
[Black "Kuybokarov, Temur"]
[Result "0-1"]
[WhiteElo "2319"]
[BlackElo "2523"]
[Annotator "RC"]
[PlyCount "84"]
[EventDate "2020.01.02"]
[EventType "swiss"]
[EventCountry "AUS"]
[SourceTitle "playchess.com"]
[Source "ChessBase"]
[SourceQuality "1"]
[TimeControl "40/5400+30:1800+30"]

1. e4 {[%emt 0:00:00]} c5 {[%emt 0:00:00]} 2. Nf3 {[%emt 0:00:00]} Nc6 {[%emt 0:00:03]} 3. d4 cxd4 {[%emt 0:00:10]} 4. Nxd4 {[%emt 0:00:27]} Nf6 {[%emt 0:00:20]} 5. Nc3 {[%emt 0:00:07]} e5 {[%emt 0:00:20]} 6. Ndb5 {[%emt 0:00:18]} d6 {[%emt 0:00:17]} 7. Bg5 {[%emt 0:00:09]} a6 {[%emt 0:00:17]} 8. Na3 {[%emt 0:00:08]} b5 {[%emt 0:00:21]} 9. Nd5 {[%emt 0:00:57]} Be7 {[%emt 0:01:10]} 10. Bxf6 {[%emt 0:00:17]} Bxf6 {[%emt 0:00:16]} 11. c3 {[%emt 0:00:15]} Bg5 {[%emt 0:01:31]} 12. Nc2 {[%emt 0:00:41]} Rb8 {[%emt 0:02:32]} 13. b4 {[%emt 0:06:30]} Ne7 {[%emt 0:12:31]} 14. h4 {[%emt 0:20:46]} Bxh4 {[%emt 0:12:16]} 15. Rxh4 {[%emt 0:02:18]} Nxd5 {[%emt 0:00:26]} 16. Qxd5 {[%emt 0:00:05]} Qxh4 {[%emt 0:09:33]} 17. Qxd6 {[%emt 0:01:05]} Rb7 {[%emt 0:03:17]} 18. Qc6+ {[%emt 0:16:54]} Kd8 {[%emt 0:00:16]} 19. a4 {[%emt 0:04:38]} Qh6 {[%emt 0:24:36]} 20. axb5 {[%emt 0:13:15]} Qxc6 {[%emt 0:01:12]} 21. bxc6 {[%emt 0:00:10]} Rb6 {[%emt 0:00:55]} 22. b5 {[%emt 0:03:17]} axb5 {[%emt 0:01:27]} 23. Nb4 {[%emt 0:00:17]} h5 {[%emt 0:06:22]} 24. Ra7 {[%emt 0:01:49]} Be6 {[%emt 0:06:01]} 25. Ra8+ {[%emt 0:00:39]} Bc8 {[%emt 0:00:05]} 26. Ra7 {[%emt 0:07:57]} Be6 {[%emt 0:00:22]} 27. Ra8+ {[%emt 0:00:50]} Bc8 {[%emt 0:00:28]} 28. Nd5 {[%emt 0:04:23]} Rxc6 {[%emt 0:00:52]} 29. Bxb5 {[%emt 0:00:05]} Rc5 {[%emt 0:02:16]} 30. c4 {[%emt 0:00:13]} h4 {[%emt 0:00:28]} 31. Nb4 {[%emt 0:08:24]} Rh6 {[%emt 0:00:28]} 32. Ke2 {[%emt 0:05:08]} Rb6 {[%emt 0:00:48]} 33. Kd3 {[%emt 0:00:55]} Rg6 {[%emt 0:04:00]} 34. Na6 {[%emt 0:02:08]} Rc7 {[%emt 0:00:15]} 35. c5 {[%emt 0:01:11]} Rb7 {[%emt 0:01:19]} 36. Kc4 {[%emt 0:00:37]} Rxg2 {[%emt 0:01:17]} 37. c6 {[%emt 0:00:25]} Re7 {[%emt 0:02:50]} 38. Nb4 {[%emt 0:00:30]} h3 {[%emt 0:00:27]} 39. Ba6 {[%emt 0:00:40]} Rc7 {[%emt 0:00:04]} 40. Kc5 {[%emt 0:00:52]} h2 {[%emt 0:00:46]} 41. Nd5 {[%emt 0:08:38]} Rxc6+ {[%emt 0:00:08]} 42. Kxc6 {[%emt 0:00:20]} Rg6+ {[%emt 0:00:05]} 0-1

[Event "Australian-ch 2020"]
[Site "Kogarah"]
[Date "2020.01.11"]
[Round "9.2"]
[White "McClymont, Brodie"]
[Black "Puccini, Jack"]
[Result "0-1"]
[WhiteElo "2421"]
[BlackElo "2265"]
[Annotator "TA"]
[PlyCount "100"]
[EventDate "2020.01.02"]
[EventType "swiss"]
[EventCountry "AUS"]
[SourceTitle "playchess.com"]
[Source "ChessBase"]
[SourceQuality "1"]

{[%evp 9,100,41,43,45,49,28,36,41,39,32,44,21,25,16,30,24,84,85,90,93,118,125,118,50,45,45,65,58,63,53,35,45,37,41,60,68,152,145,125,128,151,100,129,125,123,123,119,135,158,158,144,164,151,71,112,93,122,9,9,9,9,0,0,0,0,0,0,-11,-24,-649,-579,-646,-635,-641,-641,-641,-640,-630,-618,-606,-598,-609,-547,-1143,-1113,-1635,-1429,-4710,-4578,-1533,-1270,-1031,-961]} 1. e4 d5 2. exd5 Qxd5 3. Nc3 Qd8 4. d4 Nf6 5. h3 g6 6. Nf3 {B01: Scandinavian Defence} Bg7 7. Bc4 O-O 8. O-O {White is slightly better.} a6 (8... Nc6 9. Be3 b6 10. a3 Bb7 11. Qe2 e6 12. Rad1 Ne7 13. Ne5 {0-1 (43) Jakovenko,D (2698)-Duda,J (2758) Moscow 2019}) 9. a4 b6 10. Re1 Bb7 11. Bg5 Nc6 12. Qd2 $146 ({Predecessor:} 12. Bb3 h6 13. Bh4 {1-0 (44) Warmerdam,M (2350)-Admiraal,M (2441) chess.com INT 2017}) 12... Qd6 (12... Na5 $11 {remains equal.} 13. Be2 Nd5) 13. d5 $16 Na5 14. Ba2 Qb4 15. Rab1 $1 Rad8 16. Qf4 ({Better is} 16. Ne5 $16) 16... Qxf4 $14 17. Bxf4 Nxd5 18. Nxd5 Bxd5 19. Bxd5 Rxd5 20. Rxe7 Nc4 21. c3 c5 22. Ra7 h6 (22... a5 $14) 23. b3 $16 Na5 24. Rxa6 g5 25. Bd2 (25. Be3 $142) 25... Rfd8 26. Rxb6 Rxd2 27. Nxd2 Rxd2 28. b4 cxb4 29. cxb4 Nc4 30. Rc6 Na3 {[#]} 31. Rb3 (31. Rf1 $142 $1) 31... Nc2 32. Rc8+ Kh7 33. g3 ({White should play} 33. b5 $16) 33... Bd4 $1 $11 34. Rf3 f6 35. b5 Ne1 36. Rf5 {Strongly threatening Kf1.} Kg6 37. g4 {Threatens to win with Kf1.} Nd3 {Black wants to play ...Nf4.} 38. a5 Nf4 39. b6 $2 {[%mdl 8192]} (39. Rc6 $11) 39... Bxf2+ $19 {Black is clearly winning.} 40. Kf1 {[#]} Bg3 $1 {[%cal Rd2d1]} 41. Rxf4 gxf4 {[%mdl 4096] Endgame KRB-KR} 42. Rc3 {Black must now prevent Rxg3!} Rf2+ 43. Kg1 {aiming for Rxg3!} Rb2 44. Kf1 Bf2 45. Ra3 Kg5 46. b7 {Ra2! is the strong threat.} Ba7 47. a6 f5 48. gxf5 Kxf5 49. Ke1 Ke4 50. Ra4+ Kf3 {Accuracy: White = 53%, Black = 78%.} 0-1

[Event "Australian-ch 2020"]
[Site "Kogarah"]
[Date "2020.01.11"]
[Round "9.3"]
[White "Ikeda, Junta"]
[Black "Hu, Jason"]
[Result "1-0"]
[WhiteElo "2438"]
[BlackElo "2159"]
[Annotator "TA"]
[PlyCount "53"]
[EventDate "2020.01.02"]
[EventType "swiss"]
[EventCountry "AUS"]
[SourceTitle "playchess.com"]
[Source "ChessBase"]
[SourceQuality "1"]

{[%evp 9,53,23,72,73,82,72,275,264,270,237,239,212,192,181,212,180,167,164,214,159,170,98,123,160,259,234,239,239,441,434,632,622,591,356,324,332,720,711,980,991,1854,1604,29994,29995,29995,29996]} 1. e4 c6 2. d3 d5 3. Nd2 Nf6 4. e5 (4. Ngf3 Bg4 5. h3 Bh5 6. c3 e6 7. Be2 dxe4 8. dxe4 Bxf3 9. Bxf3 Nbd7 10. O-O Qc7 11. Nc4 Bc5 12. b4 Be7 13. g3 {0-1 (41) Tsydypov,Z (2529)-Popov,I (2599) Sochi 2017}) 4... Nfd7 5. d4 Nb6 6. Bd3 {B10: Caro-Kann: 2 d3 and 2 c4} g6 $146 ({Predecessor:} 6... Na6 7. c3 Nc7 8. h3 g6 9. Ne2 c5 10. Nf3 Bg7 11. Be3 cxd4 12. cxd4 {1-0 (33) Bielinski,D (2215)-Dors,R (2220) Lazy 2012}) 7. Ngf3 Bf5 $2 (7... Bg7 $16 {might work better.}) 8. Bxf5 $18 {White has a decisive advantage.} gxf5 {[#]} 9. e6 $1 {[%mdl 512] Threatens to win with Ng5.} fxe6 10. Ne5 {[%cal Rd1h5]} h5 11. Ndf3 {[%mdl 1024] Strongly threatening Ng5. White has strong compensation.} Nc4 12. Ng6 Rg8 13. Nf4 Qd6 14. Qe2 Bh6 15. Nxe6 (15. Qxe6 $18 Qxe6+ 16. Nxe6 Bxc1 17. Rxc1) 15... Bxc1 16. Rxc1 Rxg2 (16... Nd7 $16) 17. b3 Rg4 {[#] White must now prevent ...Re4.} 18. Nfg5 $1 ({Don't blunder} 18. bxc4 $2 Re4 $19) 18... Qa3 $2 (18... Na3 19. h3 Rxg5 20. Nxg5 Kd7 21. Qxh5 Kc7) 19. Rd1 Qa5+ (19... Nd6 $142 20. Qe5 Nf7 21. Ng7+ Kf8 22. Qxf5 Rxg5 23. Ne6+ {[%mdl 64] Double Attack} Ke8 24. Nxg5 Nxg5) 20. Kf1 Nd6 21. f3 Rxg5 22. Nxg5 Qa6 $2 {[#]} (22... Na6 23. Ne6 Qb5) 23. c4 $1 {[%mdl 512]} dxc4 24. Ne6 Kf7 {[#]} 25. Nc7 $1 {[%mdl 576] White wants to mate with Qe6+. Double Attack} Qa5 26. Qe6+ Kf8 27. Rg1 {Accuracy: White = 80%, Black = 35%.} 1-0

[Event "Australian-ch 2020"]
[Site "Kogarah"]
[Date "2020.01.11"]
[Round "9.4"]
[White "Clarke, Brandon G I"]
[Black "Wallis, Christopher"]
[Result "1-0"]
[WhiteElo "2438"]
[BlackElo "2322"]
[Annotator "TA"]
[PlyCount "77"]
[EventDate "2020.01.02"]
[EventType "swiss"]
[EventCountry "AUS"]
[SourceTitle "playchess.com"]
[Source "ChessBase"]
[SourceQuality "1"]

{[%evp 15,77,13,15,1,25,8,24,22,31,41,33,8,0,13,4,0,40,-10,19,15,24,38,36,20,24,35,151,155,154,6,8,-35,-18,-35,0,0,0,0,39,0,0,0,0,0,0,0,68,75,89,39,265,239,416,355,944,941,924,937,643,914,933,170,915,922]} 1. e4 e6 2. d4 d5 3. Nc3 Nf6 4. e5 Nfd7 5. f4 c5 6. Nf3 Nc6 7. Be3 a6 8. Qd2 b5 9. Nd1 {C11: French: Classical System: 4 e5 and 4 Bg5 dxe4} (9. Be2 Be7 10. O-O O-O 11. a3 b4 12. axb4 Nxb4 13. dxc5 Nxc5 14. Nd4 Bd7 15. Bf3 Qc7 16. g3 Rab8 17. Rfe1 {1-0 (48) Giri,A (2769)-Jumabayev,R (2646) Moscow 2019}) 9... Bb7 10. Be2 Be7 11. O-O {White has an edge.} O-O 12. c3 Rc8 13. Bf2 $146 ({Predecessor:} 13. Nf2 Na5 14. b3 Qc7 15. Bd3 g6 16. Ng4 Kh8 17. Ng5 cxd4 18. cxd4 {1-0 (35) Robson,N (2521)-Soudny,J (2542) ICCF email 2010}) 13... f6 14. Ne3 fxe5 15. fxe5 Kh8 16. g3 Nb6 17. b3 b4 18. cxb4 cxd4 19. Nc2 {[#]} d3 $1 {[%mdl 512]} 20. Qxd3 {Threatens to win with b5.} Nxb4 (20... Nd7 $1 $14 21. Bd4 g5) 21. Nxb4 $16 Bxb4 {[#]} 22. Qd4 (22. h4 $1 $16 {Black must now prevent Ng5!} Rf5 23. g4 Rxf3 24. Qxf3 (24. Bxf3 Nd7 $16)) 22... Bc5 $11 23. Qxc5 Rxc5 24. Bxc5 Nd7 25. Bxf8 Qxf8 26. Rac1 Qd8 27. h4 (27. Nd4 $5 {[%cal Rf1f7]} h6 28. Bg4 $14) 27... h6 28. Kh2 Qb6 29. Bd3 Qe3 {[%mdl 64] Double Attack} 30. Bg6 Qe2+ (30... Kg8 $11) 31. Kh3 $14 {Nd4 is the strong threat.} d4 (31... Qxa2 $2 {[#]} 32. Rc7 $1 $18 {[%mdl 512]}) 32. h5 {Strongly threatening Nh4.} Kg8 $2 {[#]} ({Avoid the trap} 32... Qxa2 $2 33. Nh4 $18) (32... Nf8 $1 $14 33. Rce1 (33. Nxd4 $2 Qg2+ 34. Kg4 Nxg6 $19) 33... Qxa2) 33. Bf7+ $1 $18 {[%mdl 512]} Kh7 $2 (33... Kf8 34. Rce1 Bxf3 35. Rxe2 Bxe2) (33... Kxf7 34. Nxd4+) 34. Rce1 Bxf3 $2 (34... Qxa2 35. Bxe6 Bc6 36. Bf5+ (36. Nxd4 $2 Bg2+ {[%mdl 64] Double Attack} 37. Kg4 Qd2 $19) 36... Kg8) 35. Rxe2 Bxe2 36. Bg6+ Kg8 37. Rc1 d3 38. Rc8+ Nf8 {If only Black now had time for ...d2....} 39. Rd8 {Accuracy: White = 65%, Black = 31%.} 1-0

[Event "Australian-ch 2020"]
[Site "Kogarah"]
[Date "2020.01.11"]
[Round "9.5"]
[White "Kargosha, Bahman"]
[Black "Bjelobrk, Igor"]
[Result "0-1"]
[WhiteElo "2101"]
[BlackElo "2403"]
[Annotator "TA"]
[PlyCount "60"]
[EventDate "2020.01.02"]
[EventType "swiss"]
[EventCountry "AUS"]
[SourceTitle "playchess.com"]
[Source "ChessBase"]
[SourceQuality "1"]

{[%evp 16,60,0,0,3,0,0,-6,-7,-7,-7,-10,-12,-20,0,-13,0,0,16,0,0,0,0,-35,-39,-29,-12,-101,-101,-101,-101,-101,-101,-101,-101,-29973,-29974,-29974,-29975,-29973,-29971,-29994,-29995,-29995,-29993,-29993,-29992]} 1. d4 Nf6 2. c4 e6 3. Nc3 Bb4 4. e3 O-O 5. Bd3 c5 6. Nf3 b6 7. O-O Bb7 8. Bd2 cxd4 9. exd4 d5 {E43: Nimzo-Indian: Rubinstein: 4...b6} 10. Re1 (10. cxd5 Nxd5 11. a3 {½-½ (11) Korobov,A (2675)-Ter Sahakyan,S (2601) Karlsruhe 2019}) 10... dxc4 11. Bxc4 Nc6 {The position is equal.} 12. a3 Bxc3 $146 ({Predecessor:} 12... Bd6 13. Bg5 h6 14. Bh4 g5 15. Bg3 Bxg3 16. hxg3 Kg7 17. d5 Na5 18. Ba2 Nxd5 19. Bxd5 Bxd5 {½-½ (38) Molina Camacho,A (2143)-Jimenez Pulido,G ICCF email 2012}) 13. bxc3 Na5 14. Bd3 Rc8 15. Ne5 Qd5 $36 {[%csl Gb7][%cal Rd5g2][%mdl 2048] Black has some pressure.} 16. f3 Nd7 17. Rb1 {aiming for Rb5.} Qd6 18. Qc2 h6 19. Qc1 {White wants to play Bxh6.} Nxe5 20. Rxe5 {Black must now prevent Bxh6!} Nc6 {[%cal Ba5c6,Bc6d4,Bd4f3][%mdl 32]} (20... Nc4 {looks sharper.} 21. Bxc4 Rxc4 22. Rb4 Rcc8 23. Rh5 f6) 21. Rh5 {[#]} (21. Re4 $11) 21... Nxd4 $1 $17 {[%mdl 576] Pin} 22. Bxh6 {[#]} (22. cxd4 Rxc1+) 22... Nxf3+ $1 {[%mdl 576] Discovered Attack} 23. gxf3 Qxd3 {[%mdl 64] [#] Double Attack} 24. Bxg7 $1 {[%mdl 512] Threatening mate with Rh8+.} f6 (24... Kxg7 25. Qh6+) 25. Qh6 $2 {[%mdl 8192]} (25. Rh8+ $17 Kxg7 26. Qh6+ Kf7 27. Qh7+ Qxh7 28. Rxh7+ Kg6 29. Rxb7) 25... Qxb1+ {Black mates.} 26. Kf2 Qc2+ {[%mdl 64] Double Attack} 27. Kg3 {[#]} Bxf3 $1 28. Bxf6 (28. Kxf3 Rxc3+) 28... Qg2+ 29. Kf4 Rc4+ 30. Ke5 Rc5+ {Accuracy: White = 33%, Black = 66%.} 0-1

[Event "Australian-ch 2020"]
[Site "Kogarah"]
[Date "2020.01.11"]
[Round "9.6"]
[White "Lo, Willis"]
[Black "Kethro, Michael"]
[Result "0-1"]
[WhiteElo "2108"]
[BlackElo "2093"]
[Annotator "TA"]
[PlyCount "70"]
[EventDate "2020.01.02"]
[EventType "swiss"]
[EventCountry "AUS"]
[SourceTitle "playchess.com"]
[Source "ChessBase"]
[SourceQuality "1"]

{[%evp 10,74,13,17,16,17,19,17,20,8,9,0,2,-4,-4,-14,-9,-15,-6,-4,56,57,122,115,125,125,119,87,92,94,97,93,101,100,110,112,112,85,86,82,90,72,64,0,0,0,32,31,78,37,61,57,110,-479,25,-123,-125,-122,-125,-157,-130,-168,-110,-97,-97,-89,0]} 1. c4 e6 2. g3 d5 3. Bg2 Nf6 4. Nf3 dxc4 5. Qa4+ c6 6. Qxc4 b5 {A13: English Opening: 1...e6} 7. Qb3 (7. Qc2 Bb7 8. O-O Nbd7 9. Nc3 Rc8 10. Rd1 a6 11. a4 Be7 12. d3 O-O 13. e4 a5 14. h3 b4 15. Nb1 c5 16. Nbd2 {1-0 (50) Aronian,L (2758)-Papaioannou,I (2645) Batumi 2019}) 7... Bb7 8. O-O Nbd7 {The position is equal.} 9. d4 a6 10. Rd1 c5 11. a4 $146 ({Predecessor:} 11. Bg5 Qb6 12. Bxf6 Nxf6 {½-½ (31) Markowski,T (2616)-Hracek,Z (2629) Wroclaw 2011}) 11... c4 12. Qc2 Be7 13. Ne5 Bxg2 14. Kxg2 Nb6 (14... Qc8 $11) 15. Nc3 $14 b4 ({Black should try} 15... Qc7 $14) 16. a5 $16 bxc3 17. axb6 O-O 18. Qxc3 Qxb6 19. Qxc4 Rfc8 20. Qd3 Nd5 21. Bd2 Bf6 22. Nf3 a5 23. e4 Nb4 24. Bxb4 Qxb4 25. Qa3 Qb7 26. e5 (26. Qe3 $1 $14) 26... Be7 $11 27. Qa2 Rd8 28. Rac1 Qe4 29. Qc4 Rab8 30. Qc7 Bb4 {[#]} ({Better is} 30... Rb7 $14 31. Qxa5 Rb3) 31. Rc6 $2 {[%mdl 8192]} (31. d5 $1 $16 {[%cal Rd5e6][%mdl 512] And now dxe6 would win.} exd5 (31... Rxd5 32. Qxb8+) 32. Rd4) 31... Qd5 $2 (31... g5 $1 $19 {aiming for ...g4.} 32. h3 h5) 32. Rdc1 (32. h3 $11 {keeps the balance.}) 32... g5 $1 $17 {[%cal Rg5g4] Hoping for ...g4.} 33. h3 {[#]} h5 $1 {Strongly threatening ...g4.} 34. R6c5 Bxc5 {[%mdl 64] Discovered Attack} 35. Rxc5 {[#]} Qb7 {Played: Qd5-e4} 0-1

[Event "Australian-ch 2020"]
[Site "Kogarah"]
[Date "2020.01.11"]
[Round "9.7"]
[White "Zhang, Jilin"]
[Black "Bayaca, Sterling"]
[Result "1-0"]
[WhiteElo "2237"]
[BlackElo "1994"]
[Annotator "TA"]
[PlyCount "89"]
[EventDate "2020.01.02"]
[EventType "swiss"]
[EventCountry "AUS"]
[SourceTitle "playchess.com"]
[Source "ChessBase"]
[SourceQuality "1"]

{[%evp 18,89,48,20,21,9,21,0,27,-49,-5,-4,0,-11,-16,-14,0,0,0,0,0,0,0,0,37,42,81,83,89,88,110,110,110,114,125,104,104,104,106,104,106,109,108,111,108,105,137,119,161,150,294,280,319,313,413,343,318,303,324,367,351,366,614,607,1128,937,1353,1345,2497,2222,29980,29980,6713,1646]} 1. e4 e5 2. Nf3 Nc6 3. Bb5 a6 4. Ba4 Nf6 5. O-O Be7 6. d3 b5 7. Bb3 d6 8. c3 O-O 9. Re1 Nb8 10. h3 Nbd7 {C94: Closed Ruy Lopez: Breyer Variation with 10 d3} 11. Be3 (11. Nbd2 h6 12. Nf1 Re8 13. Ng3 Bf8 14. Be3 Bb7 15. Nh2 Nc5 16. Bc2 d5 17. Qf3 a5 18. Rad1 Ne6 19. Nf5 {0-1 (52) Onischuk,V (2637)-Kovalev,V (2649) Riga 2019}) 11... Bb7 12. Nbd2 c5 {The position is equal.} 13. Nf1 (13. Nh4 $11) 13... d5 $146 (13... c4 $5 14. dxc4 Nxe4 $11) ({Predecessor:} 13... c4 14. dxc4 bxc4 15. Bxc4 Nxe4 16. Bd3 Ndf6 {0-1 (42) Villamil,N (1846)-Dominguez Rincon,M (2037) Dosquebrad 2013}) 14. exd5 Nxd5 15. Ng3 Nxe3 16. Rxe3 Bf6 17. Nh5 g6 18. Nxf6+ Qxf6 19. Qe2 {[%cal Rf3e5]} Qc6 20. Re1 Rad8 21. Qf1 Qd6 22. Nxe5 Nxe5 23. Rxe5 Qxd3 24. Qxd3 Rxd3 25. Rxc5 Rd7 26. Rce5 Rfd8 27. f3 Bd5 28. Bxd5 Rxd5 29. Rxd5 Rxd5 $16 {[%mdl 4096] Endgame KR-KR} 30. Kf2 h5 31. Re2 h4 32. b3 {[%cal Bb2b3,Bb3c4,Bc4c5,Bc5c6,Bc6c7][%mdl 32]} Kg7 {[#]} 33. Ke3 $1 Rd1 (33... Kf6 $16 34. Rc2 Ke6) 34. Rd2 $18 Rc1 35. Kd4 Kf6 36. c4 bxc4 37. bxc4 Ke6 38. Kc5 Ke7 39. a4 a5 $2 {[#]} (39... f5 40. a5 g5) 40. Kb5 Rc3 41. c5 Rc1 42. c6 Rc3 43. Kb6 Rc4 44. c7 Rb4+ 45. Kc5 {Accuracy: White = 75%, Black = 34%.} 1-0

[Event "Australian-ch 2020"]
[Site "Kogarah"]
[Date "2020.01.11"]
[Round "9.8"]
[White "Huynh, Arthur"]
[Black "McGowan, Cameron"]
[Result "0-1"]
[WhiteElo "2136"]
[BlackElo "2221"]
[Annotator "TA"]
[PlyCount "72"]
[EventDate "2020.01.02"]
[EventType "swiss"]
[EventCountry "AUS"]
[SourceTitle "playchess.com"]
[Source "ChessBase"]
[SourceQuality "1"]

{[%evp 22,72,46,50,77,64,75,58,79,47,24,44,37,6,6,4,22,-45,0,0,0,-17,-13,-11,-29,-60,-65,-64,-41,-43,-52,-85,-78,-90,-84,-395,-379,-387,-409,-372,-363,-337,-184,-145,-158,-392,-354,-716,-682,-1004,-1004,-1004,-926]} 1. d4 Nf6 2. c4 g6 3. Nc3 Bg7 4. Nf3 O-O 5. g3 d6 6. Bg2 Nbd7 7. O-O e5 8. e4 a6 9. Qc2 exd4 10. Nxd4 Re8 11. Rd1 Rb8 12. h3 Ne5 {E68: King's Indian: Fianchetto: 6...Nbd7 7 0-0 e5 8 e4} (12... c6 13. Bf4 Ne5 14. c5 Bf8 15. cxd6 Bxd6 16. Bxe5 Rxe5 17. Nf3 Qe7 18. Nxe5 Bxe5 19. Ne2 Be6 20. Rac1 {1-0 (35) Kovalenko,I (2700)-Maze,S (2582) Berlin 2015}) 13. c5 $1 Bd7 14. f4 Nc4 {White is slightly better.} 15. cxd6 cxd6 16. b3 Na5 17. Be3 $146 ({Predecessor:} 17. Bb2 Rc8 18. Kh2 Qb6 19. Qd2 Nc6 20. Nde2 {0-1 (38) Jirka,J (2391)-Bromberger,S (2491) Olomouc 2005}) 17... b5 18. Qd3 b4 19. Nce2 (19. Nd5 $1 $11) 19... Nxe4 20. Bxe4 {Hoping for Bf2.} Qe7 $36 {[%mdl 2048] Black is pushing.} 21. Bg2 Qxe3+ 22. Qxe3 Rxe3 23. Rac1 Bxd4 24. Nxd4 Rxg3 25. Ne2 Re3 26. Rxd6 Bxh3 ({But not} 26... Rxe2 $6 27. Rxd7 Rxa2 28. Bd5 $11) 27. Bxh3 {And now Bf1 would win.} Rxe2 28. Rxa6 $2 {[%mdl 8192]} (28. Bc8 $17) 28... Rxa2 $19 29. Rc7 Ra1+ 30. Kf2 Nxb3 31. Rf6 Ra2+ (31... Rc1 $142 32. Rfxf7 Rxc7 33. Rxc7 Nd4) 32. Kg3 {[#]} Rf8 $1 {[#] Strongly threatening ...Nd2.} 33. Rb6 $2 (33. Rfxf7 $1 $17 {[%mdl 512] was the only defense.} Rxf7 34. Be6 {[%mdl 64] Pin}) 33... Ra3 34. Rxb4 $2 (34. Kg2) 34... Nc5+ {Black is clearly winning.} 35. Kh4 Na6 {[%mdl 64] Double Attack} 36. Ra7 {[#]} Rxh3+ $1 {Accuracy: White = 30%, Black = 52%.} 0-1

[Event "Australian-ch 2020"]
[Site "Kogarah"]
[Date "2020.01.11"]
[Round "9.9"]
[White "Parle, Hughston"]
[Black "O`Chee, Kevin"]
[Result "0-1"]
[WhiteElo "2057"]
[BlackElo "2156"]
[Annotator "TA"]
[PlyCount "94"]
[EventDate "2020.01.02"]
[EventType "swiss"]
[EventCountry "AUS"]
[SourceTitle "playchess.com"]
[Source "ChessBase"]
[SourceQuality "1"]

{[%evp 20,94,28,25,26,29,34,33,45,13,25,0,0,0,12,12,8,21,18,19,26,27,70,66,137,92,88,85,93,23,12,0,0,0,0,0,13,0,26,-77,-41,-40,0,-838,-815,-851,-822,-824,-845,-777,-831,-839,-833,-602,-783,-733,-714,-644,-620,-1165,-1058,-1132,-1053,-1774,-1740,-1546,-1391,-1793,-1769,-1753,-1639,-1704,-1680,-1136,-800,-5385,-1853]} 1. e4 c6 2. d4 d5 3. exd5 cxd5 4. Bd3 Nc6 5. c3 Nf6 6. Bf4 g6 7. Nf3 Bg7 8. h3 O-O 9. O-O Bf5 10. Bxf5 gxf5 11. Nbd2 e6 {B13: Caro-Kann: Exchange Variation and Panov-Botvinnik Attack} (11... b5 12. Ne5 Qc8 13. Re1 e6 14. Nd3 Ne4 15. f3 Nxd2 16. Qxd2 Ne7 17. Bd6 Re8 18. Bxe7 Rxe7 19. b4 {0-1 (48) Tari,A (2630)-Praggnanandhaa,R (2567) chess24.com INT 2019}) 12. Ne5 Rc8 13. Bg5 Qc7 {White is slightly better.} 14. Bxf6 Bxf6 15. f4 $146 ({Predecessor:} 15. Nxc6 bxc6 16. Nf3 Kh8 17. Qc2 Rg8 18. Kh1 Rg7 19. Rg1 {0-1 (46) Mueller,T (1493)-Wang,Z (1734) Willingen 2005}) 15... Kh8 16. Qh5 Bxe5 17. fxe5 Rg8 18. Nf3 Rg7 19. Ng5 Rcg8 20. h4 Nd8 21. Kh1 Qc4 ({Black should try} 21... Qe7 $14) 22. Rae1 Qxa2 23. Rf2 Qc4 24. g4 ({Better is} 24. Ra1 $16) 24... fxg4 $11 25. Rxf7 (25. Rg1 {keeps more tension.} Qd3 26. Rxg4 b5 27. Kh2 a5 28. Rg3) 25... Nxf7 26. Nxf7+ {[#]} Rxf7 $1 27. Qxf7 {[%mdl 4160] Endgame Double Attack. KQR-KQR} Qc8 28. Qf6+ Rg7 29. c4 (29. h5 $11 Kg8 30. Rf1) 29... dxc4 $17 {[#]} 30. d5 $1 {[%mdl 512]} g3 {...g2+ is the strong threat.} (30... exd5 31. e6) 31. d6 $2 {[%mdl 8192] [#]} (31. Kg2 $11) 31... Qc6+ $1 $19 {Black is clearly winning.} 32. Kg1 Qb6+ {[%mdl 64] Double Attack} 33. Kg2 Qxb2+ 34. Kf1 g2+ 35. Kg1 Qb6+ 36. Qf2 Qxf2+ 37. Kxf2 {KR-KR} Kg8 38. Kg1 Kf8 39. Rc1 b5 {[%cal Bb7b5,Bb5b4][%mdl 32]} 40. Rb1 Rb7 41. Kxg2 b4 42. Kf3 a5 43. Ke3 Ke8 44. Kd4 c3 45. Kd3 Rb5 46. Re1 a4 {Threatens to win with ...Rd5+.} 47. Kc2 Rd5 {Accuracy: White = 38%, Black = 63%.} (47... Rc5 $142 48. Rg1 b3+ 49. Kc1 Rxe5 50. d7+ Kxd7 51. Kd1 a3 52. Rg7+ Kd6 53. Rg8 c2+ 54. Kd2 Rd5+ 55. Ke2 c1=Q 56. Rd8+ Ke5 57. Rg8 Rd2+ 58. Kf3 Qf1+ 59. Kg4 Qf5+ 60. Kg3 Qf4+ 61. Kh3 Rh2#) 0-1